Statistics for All Plants vs. Zombies Zombies

Click here to take the quiz!

General Stats

  • This quiz has been taken 28 times
  • The average score is 20 of 26

Answer Stats

ZombieZombie ToughnessTool Toughness% Correct
Buckethead ZombieHigh-
100%
Conehead ZombieMedium-
100%
ZombieLow-
95%
GargantuarExtremely High-
91%
Dancing ZombieMedium-
86%
Football ZombieVery High-
86%
ImpLow-
86%
Digger ZombieMedium-
82%
Dr. ZombossExtreme-
82%
Ducky Tube ZombieLow-
82%
Backup DancerLow-
77%
Balloon ZombieLow-
77%
Ladder ZombieMediumMedium
77%
Newspaper ZombieLowLow
77%
Pole Vaulting ZombieMedium-
77%
Screen Door ZombieLowHigh
77%
Bungee ZombieMedium-
73%
Dolphin Rider ZombieMedium-
73%
Flag ZombieLow-
73%
Snorkel ZombieLow-
73%
Catapult ZombieMedium-
68%
ZomboniHigh-
68%
Jack-in-the-box ZombieMedium-
64%
Pogo ZombieMedium-
64%
Zombie YetiHigh-
64%
Zombie Bobsled TeamLowLow
59%

Score Distribution

Percentile by Number Answered

Percent of People with Each Score

Your Score History

You have not taken this quiz